| 000 | 00830cab a2200217 4500 | ||
|---|---|---|---|
| 001 | WB3430-26 | ||
| 008 | 090401t1998 xxu||||| |||| 00| 0 eng d | ||
| 035 | _a(Sirsi) u87893 | ||
| 041 | _aeng | ||
| 245 | _aWar on survey lottery | ||
| 260 | _c1998 | ||
| 350 | _a0 | ||
| 490 |
_aScotsman _v6 August 1998, 2.1(1) |
||
| 520 | _aA group of Scottish-based chartered surveyors have launched a scheme to protect homebuyers when they have a dispute with a chartered surveyor. Under the scheme, any homebuyer who discovers a defect in his property which was not detected at the time of purchase will be covered for the cost of repairs up to £250,000. | ||
| 650 | _aABOUT RICS-RICS MEMBERS | ||
| 650 | _aDEFECTS GUARANTEE SCHEME | ||
| 650 | _aHOUSING DEFECTS | ||
| 690 |
_aInsurance _96249 |
||
| 942 | _n0 | ||
| 948 | _c07/08/1998 | ||
| 999 |
_c55471 _d55471 |
||